International Journal of Advanced Psychiatric Nursing (Record no. 1900)
[ view plain ]
| 000 -LEADER | |
|---|---|
| Fixed length control field | 00644nas a22002177a 4500 |
| 003 - CONTROL NUMBER IDENTIFIER | |
| Control field | IIN |
| 005 - DATE AND TIME OF LATEST TRANSACTION | |
| Control field | 20260526130046.0 |
| 008 - FIXED-LENGTH DATA ELEMENTS--GENERAL INFORMATION | |
| Fixed length control field | 260526c2019 |||gr|j| |||| 00| 0 eng d |
| 022 ## - INTERNATIONAL STANDARD SERIAL NUMBER / ISSN | |
| International Standard Serial Number | 2664-1348 |
| 022 ## - INTERNATIONAL STANDARD SERIAL NUMBER / ISSN | |
| International Standard Serial Number | 2664-1356 (eISSN) |
| 040 ## - CATALOGING SOURCE | |
| Original cataloging agency | IIN |
| 041 ## - LANGUAGE CODE | |
| Language code | eng |
| 245 ## - TITLE STATEMENT | |
| Title | International Journal of Advanced Psychiatric Nursing |
| Statement of responsibility | edited by Shamsher Khan |
| 260 ## - IMPRINT | |
| Place of publication | Delhi |
| Name of publisher | Comprehensive Publications |
| Date of publication | 2019- |
| 300 ## - PHYSICAL DESCRIPTION | |
| Page / Vol. No | Vol. 1, no. 1 (JAN-JUN, JUL-DEC)- |
| Other physical details | ill. |
| 310 ## - CURRENT PUBLICATION FREQUENCY | |
| Current publication frequency | Bi-annual |
| Date of current publication frequency | JAN-JUN, JUL-DEC |
| 650 ## - SUBJECT ADDED ENTRY--TOPICAL TERM | |
| Topical term | Psychiatric |
| General subdivision | Nursing |
| 700 ## - ADDED ENTRY--PERSONAL NAME | |
| Personal name | Khan, Shamsher |
| 856 ## - ELECTRONIC LOCATION AND ACCESS | |
| Uniform Resource Identifier | https://doi.org/10.33545/26641348 |
| 942 ## - ADDED ENTRY ELEMENTS (KOHA) | |
| Koha item type | Serials |
No items available.
